00470nam a2200169Ia 450000500170000000800410001702000150005808200130007310000170008624500120010326000360011530000130015165000160016494200060018095200990018699900150028520250509063319.0240331s9999 xx 000 0 und d a9559710222 bSEEa891 aSeetharan, R 0aNadukal aSri LankabYathu Veliyiduc2002 a111 p ., aShort Story cL 001040708LaWERCLbWERCLcSSCd2024-03-31l0o 894.811 SEEp4946r2024-03-31w2024-03-31yL c4321d4321